Linear and Non-Linear Circuits
| Egile nagusia: | |
|---|---|
| Formatua: | Ezezaguna |
| Argitaratua: |
McGraw-Hill
2015
|
| LEADER | 00232 a2200085 4500 | ||
|---|---|---|---|
| 020 | |a 9789339220686 | ||
| 100 | |a Leon O. Chua, Charles A. Desoer and Ernest S. Kuh | ||
| 245 | |a Linear and Non-Linear Circuits | ||
| 260 | |b McGraw-Hill |c 2015 | ||
| 999 | |c 42193 |d 42193 | ||